Del artesano al obrero fabril /

Salvato in:
Dettagli Bibliografici
Autore principale: Santos Costa, Raimundo Nonato
Altri autori: Herrera, Lilliana
Natura: testo
Pubblicazione: San Pedro: Porvenir
Tags: Aggiungi Tag
Nessun Tag, puoi essere il primo ad aggiungerne!!

MARC

LEADER 00000 a a2200000 04500
001 24954
003
040
090 |a 175900  
100 |a Santos Costa, Raimundo Nonato  
245 |a Del artesano al obrero fabril /  |c Raimundo Nonato Santos Costa 
260 |a San Pedro:   |b Porvenir  
300 |a 162 p   |b **no definido**  
700 |a Herrera, Lilliana  
999 |c 6200  |d 6200